000
00311nam a22001457a 4500
003
SGT
082
_a
616.0757, M11W
100
_a
WADHWA, VINEET
245
_a
MEASUREMENTS IN RADIOLOGY MADE EASY
250
_a
1ST
260
_a
INDIA
_b
JAYPEE
_c
2011
300
_a
195
650
_a
RADIOLOGY
942
_2
ddc
_c
BK
999
_c
9066
_d
9066